Nesmrteľná na vodách (Record no. 22334)
[ view plain ]
| 000 -LEADER | |
|---|---|
| fixed length control field | 01453nam a2200457 a 4500 |
| 001 - CONTROL NUMBER | |
| control field | 22334 |
| 003 - CONTROL NUMBER IDENTIFIER | |
| control field | VRT |
| 005 - DATE AND TIME OF LATEST TRANSACTION | |
| control field | 20260326142927.0 |
| 008 - FIXED-LENGTH DATA ELEMENTS--GENERAL INFORMATION | |
| fixed length control field | 110816s2011 xo d n 000 f slo d |
| 020 ## - INTERNATIONAL STANDARD BOOK NUMBER | |
| International Standard Book Number | 9788055124650 (viaz.) |
| 035 ## - SYSTEM CONTROL NUMBER | |
| System control number | (VRT)vtls010287392 |
| 039 #9 - LEVEL OF BIBLIOGRAPHIC CONTROL AND CODING DETAIL [OBSOLETE] | |
| Level of rules in bibliographic description | 201111040956 |
| Level of effort used to assign nonsubject heading access points | muro |
| Level of effort used to assign subject headings | 201110211306 |
| Level of effort used to assign classification | argo |
| Level of effort used to assign subject headings | 201108161410 |
| Level of effort used to assign classification | edita |
| 040 ## - CATALOGING SOURCE | |
| Original cataloging agency | SVKBB |
| Language of cataloging | slo |
| Transcribing agency | UKB |
| Description conventions | AACR2 |
| 041 1# - LANGUAGE CODE | |
| Language code of text/sound track or separate title | slo |
| Language code of original | eng |
| 044 ## - COUNTRY OF PUBLISHING/PRODUCING ENTITY CODE | |
| MARC country code | xo |
| ISO country code | SK |
| 072 #7 - SUBJECT CATEGORY CODE | |
| Subject category code | 821.111-3 |
| Subject category code subdivision | Anglická próza, anglicky písaná |
| Source | konspekt |
| 080 ## - UNIVERSAL DECIMAL CLASSIFICATION NUMBER | |
| Universal Decimal Classification number | 821.111-31 |
| Edition identifier | 2004 |
| 080 ## - UNIVERSAL DECIMAL CLASSIFICATION NUMBER | |
| Universal Decimal Classification number | (0:82-31) |
| Edition identifier | 2004 |
| 100 1# - MAIN ENTRY--PERSONAL NAME | |
| Personal name | Monninger, Joseph |
| 240 10 - UNIFORM TITLE | |
| Uniform title | Eternal on the water. |
| Language of a work | Slovensky |
| 245 10 - TITLE STATEMENT | |
| Title | Nesmrteľná na vodách |
| Statement of responsibility, etc. | Joseph Monninger ; [z anglického originálu preložila Jarmila Pospěchová ; verše preložila Jana Kantorová-Báliková] |
| 260 ## - PUBLICATION, DISTRIBUTION, ETC. | |
| Place of publication, distribution, etc. | Bratislava |
| Name of publisher, distributor, etc. | Ikar |
| Date of publication, distribution, etc. | 2011 |
| 300 ## - PHYSICAL DESCRIPTION | |
| Extent | 311, [1] s. |
| 504 ## - BIBLIOGRAPHY, ETC. NOTE | |
| Bibliography, etc. note | Bibliogr. s. [312] |
| 653 ## - INDEX TERM--UNCONTROLLED | |
| Uncontrolled term | 821.111-31 |
| 653 ## - INDEX TERM--UNCONTROLLED | |
| Uncontrolled term | (0:82-31) |
| 655 #7 - INDEX TERM--GENRE/FORM | |
| Genre/form data or focus term | anglické romány |
| Source of term | UKBPH |
| 700 1# - ADDED ENTRY--PERSONAL NAME | |
| Personal name | Pospěchová, Jarmila |
| Relationship | trl |
| 700 1# - ADDED ENTRY--PERSONAL NAME | |
| Personal name | Kantorová-Báliková, Jana, |
| Dates associated with a name | 1951- |
| Relationship | trl |
| 910 ## - USER-OPTION DATA (OCLC) | |
| User-option data | svkbb |
| 910 ## - USER-OPTION DATA (OCLC) | |
| User-option data | ttkjf |
| 910 ## - USER-OPTION DATA (OCLC) | |
| User-option data | pppk |
| 910 ## - USER-OPTION DATA (OCLC) | |
| User-option data | skpk |
| 910 ## - USER-OPTION DATA (OCLC) | |
| User-option data | pokpoh |
| 910 ## - USER-OPTION DATA (OCLC) | |
| User-option data | sllk |
| 910 ## - USER-OPTION DATA (OCLC) | |
| User-option data | ukb |
| 942 ## - ADDED ENTRY ELEMENTS (KOHA) | |
| Source of classification or shelving scheme | Dewey Decimal Classification |
| Koha item type | Krásna literatúra pre dospelých |
| Suppress in OPAC | No |
| 949 ## - LOCAL PROCESSING INFORMATION (OCLC) | |
| 6 | 1800506581 |
| a | SL.D.82926 |
| b | PV.8423-2011 |
| 949 ## - LOCAL PROCESSING INFORMATION (OCLC) | |
| 6 | 1800506582 |
| a | SK.D.51153 |
| b | PV.8424-2011 |
| s | 6707:20111115 |
| Stav vyradenia | Strata | Poškodenie | Spôsob nadobudnutia | Domovská knižnica | Aktuálna knižnica | Dátum nadobudnutia | Total checkouts | Čiarový kód exemplára | Date last seen | Typ exemplára |
|---|---|---|---|---|---|---|---|---|---|---|
| Dar | Obecná knižnica Turčianska Štiavnička | Obecná knižnica Turčianska Štiavnička | 26.03.2026 | 4738000749 | 26.03.2026 | Krásna literatúra pre dospelých |
